Southville International School and Colleges
Your cart is empty.
  • Cart
  • Lists
    Public lists Eva Luna New books Lux_list list_1
    Your lists Log in to create your own lists
  • Log in to your account
  • Your cookies
  • Search history
Southville International School and Colleges
  • Advanced search
  • Recent comments
  • Most popular
  • Libraries

Log in to your account

Log in with GOOGLE


If you do not have an external account, but do have a local account, you can still log in:

  1. Home
  2. MARC view: The Gentleman from San Francisco ;
Normal view MARC view ISBD view

The Gentleman from San Francisco ; (Record no. 274249)

[ view plain ]
MARC details
000 -LEADER
fixed length control field 00765cam a22002413a 4500
001 - CONTROL NUMBER
control field 44998
003 - CONTROL NUMBER IDENTIFIER
control field PGUSA
005 - DATE AND TIME OF LATEST TRANSACTION
control field 20140828084028.0
008 - FIXED-LENGTH DATA ELEMENTS--GENERAL INFORMATION
fixed length control field 140224s2014||||xxu|||||s|||||000 | eng d
040 ## - CATALOGING SOURCE
Original cataloging agency PGUSA
Language of cataloging eng
042 ## - AUTHENTICATION CODE
Authentication code dc
100 1# - MAIN ENTRY--PERSONAL NAME
Personal name Bunin, Ivan Alekseyevich
245 14 - TITLE STATEMENT
Title The Gentleman from San Francisco ;
Remainder of title and, other stories
Medium [electronic resource] /
Statement of responsibility, etc Ivan Alekseyevich Bunin
260 ## - PUBLICATION, DISTRIBUTION, ETC. (IMPRINT)
Name of publisher, distributor, etc Project Gutenberg,
Date of publication, distribution, etc 2014
506 ## - RESTRICTIONS ON ACCESS NOTE
Terms governing access Public domain in the USA.
516 ## - TYPE OF COMPUTER FILE OR DATA NOTE
Type of computer file or data note Electronic text
700 1# - ADDED ENTRY--PERSONAL NAME
Personal name Lawrence, D. H.
Fuller form of name (David Herbert),
Dates associated with a name 1885-1930
700 1# - ADDED ENTRY--PERSONAL NAME
Personal name Koteliansky, Samuel Solomonovich
700 1# - ADDED ENTRY--PERSONAL NAME
Personal name Woolf, Leonard,
Dates associated with a name 1880-1969
830 #0 - SERIES ADDED ENTRY--UNIFORM TITLE
Uniform title Project Gutenberg
Volume number/sequential designation 44998
856 40 - ELECTRONIC LOCATION AND ACCESS
Uniform Resource Identifier <a href="http://www.gutenberg.org/ebooks/44998">http://www.gutenberg.org/ebooks/44998</a>
942 ## - ADDED ENTRY ELEMENTS (KOHA)
Koha item type eBooks
Holdings
Withdrawn status Lost status Damaged status Home library Current library Date acquired Total Checkouts Date last seen Price effective from Koha item type
      Project Gutenberg Project Gutenberg 08/28/2014   08/28/2014 08/28/2014 eBooks

The Gentleman from San Francisco ;

APA

Bunin I. A., Lawrence D. H., Koteliansky S. S. & Woolf L. (2014). The Gentleman from San Francisco. : Project Gutenberg.

Chicago

Bunin Ivan Alekseyevich, Lawrence D H, Koteliansky Samuel Solomonovich and Woolf Leonard. 2014. The Gentleman from San Francisco. : Project Gutenberg.

Harvard

Bunin I. A., Lawrence D. H., Koteliansky S. S. and Woolf L. (2014). The Gentleman from San Francisco. : Project Gutenberg.

MLA

Bunin Ivan Alekseyevich, Lawrence D H, Koteliansky Samuel Solomonovich and Woolf Leonard. The Gentleman from San Francisco. : Project Gutenberg. 2014.

  • Place hold
  • Print
  • Cite
  • Add to your cart (remove)
  • Save record
    BIBTEX Dublin Core MARCXML MARC (non-Unicode/MARC-8) MARC (Unicode/UTF-8) MARC (Unicode/UTF-8, Standard) MODS (XML) RIS
  • More searches
    Search for this title in:
    Other Libraries (WorldCat) Other Databases (Google Scholar) Online Stores (Bookfinder.com) Open Library (openlibrary.org)

Exporting to Dublin Core...

SOUTHVILLE LIBRARY

Southville International School and Colleges Library

1281 Tropical Ave. Cor. Luxembourg St., BF Homes International, Las Pinas City

Tel. No. 8256374 / 252358 Loc. 117/146

Powered by Koha